000 00515nam a2200181Ia 4500
003 GCL
008 140319s9999 xx 000 0 eng d
040 _aGCL /
_cGCL
082 0 4 _a320.95694
_bE I
100 1 _aEDWARDS, BEVERLEY MILTON
245 1 0 _aISLAMIC POLITICS IN PALESTINE /
_cEDWARDS, BEVERLEY MILTON
260 _a[S.N] :
_bTAURIS ACADEMIC STUDIES ،
_c1996
300 _a256 P
650 0 4 _aPALESTINE - POLITICS
650 0 4 _aPALESTINE - HISTORY
650 0 4 _aPOLITICAL CONDITIONS
942 _2ddc
_cBK
999 _c13944
_d13944